|
|
|
|
| LEADER |
00000nab a2200000ua 4500 |
| 001 |
vtls010770623 |
| 003 |
SK-MaSNL |
| 005 |
20260303123352.0 |
| 008 |
230214s1938 xo |||||||||||||||||slo| |
| 035 |
|
|
|a (urnnbn)urn:nbn:sk:snk:ar-a03l46
|
| 035 |
|
|
|a (uuid)2b7a9557-b450-42e7-9025-5c0f8da8f3f1
|
| 035 |
|
|
|a urn:nbn:sk:snk-ab5chk
|
| 040 |
|
|
|a SNKBUCL
|b slo
|c SNKBUCL
|e AACR2
|
| 041 |
0 |
|
|a slo
|
| 044 |
|
|
|a xo
|c SK
|
| 100 |
1 |
|
|a Tréger, Ján,
|d 1894-1957
|4 aut
|9 120201
|
| 245 |
1 |
0 |
|a Indikácie chemoterapie kvapavky
|c Ján Tréger
|
| 773 |
0 |
|
|t Bratislavské lekárske listy
|g Roč. 18, č. 5 (1938), s. [169]-176
|
| 954 |
|
|
|a odborná, vedecká literatúra pôvodná (slovenská)
|2 lita
|
| 958 |
|
|
|a OND
|
| 958 |
|
|
|a EUIPO
|
| 958 |
|
|
|a article3
|
| 999 |
|
|
|c 1925482
|d 1927412
|